ბათუმის შოთა რუსთაველის სახელმწიფო უნივერსიტეტის ბიბლიოთეკა

ფილოსოფიური ძიებანი = Philosophical Investigations : (ბიბ.ჩანაწერი № 42424)

000 -ლიდერი
ფიქსირებული სიგრძის საკონტროლო ველი 01207nam a2200241Ia 4500
001 - საკონტროლო ნომერი
საკონტროლო ველი 9120
003 - საკონტროლო ნომრის იდენტიფიკატორი
საკონტროლო ველი GE_BSU
005 - ბოლო ოპერაციის თარიღი და დრო
საკონტროლო ველი 20240603164020.0
008 - ფიქსირებული სიგრძის მონაცემთა ელემენტები - ზოგადი ინფორმაცია
ფიქსირებული სიგრძის საკონტროლო ველი 181216s2014||||ge |||||||||||||| ||geo||
020 ## - წიგნის საერთაშორისო სტანდარტული ნომერი
International Standard Book Number 1512-2468
040 ## - კატალოგიზაციის წყარო
Transcribing agency GE_BSU
041 ## - ენის კოდი
Language code of text/sound track or separate title geo
080 ## - უნივერსალური ათობითი კლასიფიკაციის ინდექსი
Universal Decimal Classification number 1(479.22) ფ–56
100 ## - მთავარი ჩანაწერი - პიროვნების სახელი
Personal name
9 (RLIN) 22295
245 ## - ცნობა სათაურის შესახებ
Title ფილოსოფიური ძიებანი = Philosophical Investigations :
Remainder of title [წელიწდეული] N 18. /
Statement of responsibility, etc საქართველოს ფილოსოფიურ მეცნიერებათა აკადემია ; რედაქტორი სერგი ავალიანი.
264 ## - წარმოების, გამოცემის, დისტრიბუციის და სხვა ცნობები
გამოცემის, წარმოების, დისტრიბუციის... ადგილი თბილისი :
გამოცემის, წარმოების, დისტრიბუციის... სახელწოდება უნივერსალი,
გამოცემის, წარმოების, დისტრიბუციის... თარიღი 2014.
300 ## - ფიზიკური აღწერა
Extent 295 გვ. ;
Dimensions 20 სმ.
500 ## - ზოგადი შენიშვნა
General note თავფურცელი ქართულ და ინგლისურ ენებზე
653 ## - INDEX TERM--UNCONTROLLED
Uncontrolled term ფილოსოფიური ძიებანი
700 ## - ADDED ENTRY--PERSONAL NAME
Personal name ავალიანი, სერგი
Relator term რედაქტორი
9 (RLIN) 356
856 ## - ELECTRONIC LOCATION AND ACCESS
Uniform Resource Identifier https://dspace.nplg.gov.ge/bitstream/1234/136137/1/Filosofiuri_Dziebani_2014_N18.pdf
Link text ელ. ვერსია
942 ## - ADDED ENTRY ELEMENTS (KOHA)
Koha item type წიგნი
Source of classification or shelving scheme
ეგზემპლარები
ჩამოწერის სტატუსი დაკარგული ეგზემპლარის სტატუსი კლასიფიკაციის წყარო ან თაროზე გაწყობის სქემა დაზიანების სტატუსი არ გაიცემა მუდმივი მდებარეობა (დაცვის ადგილი) ამჟამინდელი ადგილსამყოფელი თაროზე განთავსების ადგილი შეძენის თარიღი სრული შენახვის შიფრი შტრიხკოდი ბოლო ოპერაციის თარიღი ეგზემპლარის მიმდევრობითი ნომერი (კეტერი?) ფასის ძალაში შესვლის თარიღი ეგზემპლარის სახეობა
          ბათუმის შოთა რუსთაველის სახელმწიფო უნივერსიტეტის მთავარი ბიბლიოთეკა ბათუმის შოთა რუსთაველის სახელმწიფო უნივერსიტეტის მთავარი ბიბლიოთეკა წიგნსაცავი 2018-12-17 1(479.22) ფ–56 26798 2018-12-17 26798 2018-12-17 წიგნი